| 000 | 01409cam a22003617a 4500 | ||
|---|---|---|---|
| 001 | 14974595 | ||
| 005 | 20070912203648.0 | ||
| 008 | 070821s2007 ne a 001 0 eng d | ||
| 010 | _a2007298635 | ||
| 015 |
_aGBA727350 _2bnb |
||
| 016 | 7 |
_a013708153 _2Uk |
|
| 020 | _a9780750683913 (hb) | ||
| 020 | _a0750683910 (hb) | ||
| 035 | _a(OCoLC)ocn123536443 | ||
| 040 |
_aHKP _cHKP _dBAKER _dOHX _dUKM _dIXA _dYDXCP _dBTCTA _dDLC |
||
| 042 | _alccopycat | ||
| 050 | 0 | 0 |
_aTA403 _b.A693 2007 |
| 082 | 0 | 4 |
_a620.11 _222 _bASH |
| 100 | 1 |
_aAshby, Michael F. _94811 |
|
| 245 | 1 | 0 |
_aMaterials : _bEngineering, Science, Processing and Design / _cMichael Ashby, Hugh Shercliff and David Cebon. |
| 250 | _a1st ed. | ||
| 260 |
_aAmsterdam ; Boston : _bButterworth-Heinemann, _cc2007. |
||
| 260 | _bELSEVIER, | ||
| 300 |
_ax, 514 p. : _bcol. ill. ; _c26 cm. |
||
| 504 | _aIncludes bibliographical references and index. | ||
| 650 | 0 |
_aMaterials. _94812 |
|
| 700 | 1 |
_aShercliff, Hugh. _94813 |
|
| 700 | 1 |
_aCebon, David. _94814 |
|
| 856 | 4 | 2 |
_3Publisher description _uhttp://www.loc.gov/catdir/enhancements/fy0742/2007298635-d.html |
| 942 |
_2ddc _cBB |
||
| 999 |
_c11551 _d11551 |
||